Loading...
| Social Science | 0 | 7 | 0 | 2 | 70 | 74 | 91.29 | 0 | 2 | 0.00 | 0.00 |
| Fine Arts - Painting and Sculpture | 0 | 6 | 0 | 1 | 60 | 85 | 109.17 | 0 | 1 | 0.00 | 0.00 |
| Science - Physics | 0 | 6 | 0 | 0 | 60 | 79 | 94.00 | 0 | 1 | 0.00 | 0.00 |
| History - Other | 0 | 6 | 1 | 2 | 55 | 77 | 103.00 | 0 | 0 | 0.00 | 0.00 |
| Literature - World | 0 | 5 | 1 | 2 | 45 | 109 | 124.80 | 0 | 0 | 0.00 | 0.00 |
| Fine Arts - Classical Music | 0 | 5 | 1 | 1 | 45 | 54 | 104.00 | 0 | 1 | 0.00 | 0.00 |
| Fine Arts - Other | 0 | 4 | 1 | 0 | 35 | 115 | 122.50 | 0 | 1 | 0.00 | 0.00 |
| History - European | 0 | 3 | 0 | 0 | 30 | 65 | 68.33 | 0 | 3 | 0.00 | 0.00 |
| Literature - American | 0 | 3 | 0 | 1 | 30 | 132 | 137.00 | 0 | 0 | 0.00 | 0.00 |
| Philosophy | 0 | 3 | 0 | 2 | 30 | 110 | 114.33 | 0 | 0 | 0.00 | 0.00 |
| Science - Biology | 0 | 3 | 0 | 1 | 30 | 33 | 74.67 | 0 | 2 | 0.00 | 0.00 |
| Literature - European | 0 | 2 | 0 | 0 | 20 | 137 | 137.00 | 0 | 0 | 0.00 | 0.00 |
| History - American | 0 | 2 | 0 | 0 | 20 | 61 | 91.00 | 0 | 0 | 0.00 | 0.00 |
| History - World | 0 | 3 | 2 | 1 | 20 | 105 | 116.67 | 0 | 0 | 0.00 | 0.00 |
| Mythology | 0 | 2 | 0 | 0 | 20 | 35 | 73.50 | 0 | 1 | 0.00 | 0.00 |
| Popular Culture | 0 | 1 | 0 | 0 | 10 | 112 | 112.00 | 0 | 0 | 0.00 | 0.00 |
| Other Academic | 0 | 1 | 0 | 0 | 10 | 118 | 118.00 | 0 | 0 | 0.00 | 0.00 |
| Science - Chemistry | 0 | 2 | 2 | 1 | 10 | 94 | 106.00 | 0 | 0 | 0.00 | 0.00 |
| Science - Other | 0 | 1 | 2 | 0 | 0 | 106 | 106.00 | 0 | 0 | 0.00 | 0.00 |
| Literature - British | 0 | 0 | 0 | 0 | 0 | 0.00 | 0 | 0 | 0.00 | 0.00 | |
| Current Events | 0 | 0 | 1 | 0 | -5 | 0.00 | 0 | 0 | 0.00 | 0.00 |